000 00508nam a2200217Ia 4500
003 OSt
005 20221126122759.0
008 210210b2000 xxu||||| |||| 00| 0 eng d
020 _a0 8385 3690 5
040 _cAL
041 _aEnglish
082 _a574.192 MURH
100 _aMURRAY (Robert K)
_963920
245 _aHarpers biochemistry
250 _a25
260 _aStamford
_bAppleton & Lange
_c2000
300 _axi,927
690 _aBiochemistry
_963921
906 _a055693
942 _2ddc
_cBK
999 _c103481
_d103481